Cinematurgia / (Record no. 66228)

MARC details
000 -LEADER
campo de control de longitud fija 00500nam a2200181 i 4500
001 - NÚMERO DE CONTROL
campo de control 66228
003 - IDENTIFICADOR DE NÚMERO DE CONTROL
campo de control ES-MaACL
005 - FECHA Y HORA DE LA ÚLTIMA TRANSACCIÓN
campo de control 20250814090907.0
007 - CAMPO FIJO DE DESCRIPCIÓN FÍSICA--INFORMACIÓN GENERAL
campo de control de longitud fija t|
008 - DATOS DE LONGITUD FIJA--INFORMACIÓN GENERAL
campo de control de longitud fija 040129s1956 sp |||| | spa d
100 1# - ENTRADA PRINCIPAL--NOMBRE DE PERSONA
Nombre de persona Galant, Tomás.
9 (RLIN) 53321
245 10 - MENCIÓN DEL TÍTULO
Título Cinematurgia /
Mención de responsabilidad, etc. Tomás Galant.
260 ## - PUBLICACIÓN, DISTRIBUCIÓN, ETC.
Lugar de publicación, distribución, etc. Valencia :
Nombre del editor, distribuidor, etc. Fomento de Cultura,
Fecha de publicación, distribución, etc. [1956] (
Fabricante Pascual Quiles)
300 ## - DESCRIPCIÓN FÍSICA
Extensión 218 p. ;
Dimensiones 19 cm.
650 07 - PUNTO DE ACCESO ADICIONAL DE MATERIA--TÉRMINO DE MATERIA
Término de materia o nombre geográfico como elemento de entrada Cinematografía
Fuente del encabezamiento o término embne
9 (RLIN) 11038
852 ## - LOCALIZACIÓN
Ubicación ES-MaACL
Número de control de estantería C-11525
Holdings
Estatus retirado Estado de pérdida Estado de daño No para préstamo Biblioteca de origen Biblioteca actual Ubicación en estantería Fecha de adquisición Fuente de adquisición Total de préstamos Signatura topográfica completa Código de barras Visto por última vez Precio de reemplazo Tipo de ítem Koha
        Biblioteca del Ateneo de Madrid Biblioteca del Ateneo de Madrid Sala Palomar 17/01/2008     C-11525 1069386 23/02/2023 23/02/2023 Libro impreso